000
00258nam a22001217a 4500
008
180201b xxu||||| |||| 00| 0 eng d
041
_a
eng
080
_a
573
100
_a
11
101
_a
BIO
245
_a
CELL BIOLOGY
_c
ROBERTIS.E.D.P
942
_2
udc
_c
BK
999
_c
41498
_d
41498